000 00350 a2200133 4500
005 20250627152311.0
020 _a0-7614-7421-8
082 _a578.76 CAV
100 _aCAVENDISH,M.
245 _aEncyclopedia of the Aquatic World
260 _aNewYork,
_bMarshall Cavendish Corporation,
_c2004.
300 _a429p.:ill.;pictures
_c29cm
942 _2ddc
_cBKS
999 _c5717
_d5717